अन्तिम क्षितिज / (Record no. 14869)

MARC details
000 -LEADER
fixed length control field 01130nam a22002537a 4500
005 - DATE AND TIME OF LATEST TRANSACTION
control field 20080814155123.0
008 - FIXED-LENGTH DATA ELEMENTS--GENERAL INFORMATION
fixed length control field 080814t xxu||||| |||| 00| f hin d
010 ## - LIBRARY OF CONGRESS CONTROL NUMBER
LC control number HIN-83935
020 ## - INTERNATIONAL STANDARD BOOK NUMBER
Terms of availability 180.00
International Standard Book Number 9788188971282
035 ## - SYSTEM CONTROL NUMBER
System control number HN-56281
037 ## - SOURCE OF ACQUISITION
Source of stock number/acquisition DBAD / PUB
040 ## - CATALOGING SOURCE
Original cataloging agency DPL
Language of cataloging HN
082 ## - DEWEY DECIMAL CLASSIFICATION NUMBER
Classification number
100 ## - MAIN ENTRY--PERSONAL NAME
Personal name उमा श्री
245 ## - TITLE STATEMENT
Title अन्तिम क्षितिज /
Statement of responsibility, etc उमा श्री
246 ## - VARYING FORM OF TITLE
Title proper/short title Antim Khishitish
Remainder of title by Uma Shree
260 ## - PUBLICATION, DISTRIBUTION, ETC. (IMPRINT)
Place of publication, distribution, etc गाजियाबाद
Name of publisher, distributor, etc समन्वय प्रकाशन
Date of publication, distribution, etc 2007
270 ## - ADDRESS
Address के.बी 97, कविनगर (प्रथम तल)
City गाजियाबाद
Postal code 201002
300 ## - PHYSICAL DESCRIPTION
Extent 136पृ.
Dimensions 22सेमी (सजिल्द)
650 ## - SUBJECT ADDED ENTRY--TOPICAL TERM
Topical term or geographic name as entry element हिन्दी कथा साहित्य
650 ## - SUBJECT ADDED ENTRY--TOPICAL TERM
Topical term or geographic name as entry element Hindi Fiction
942 ## - ADDED ENTRY ELEMENTS (KOHA)
Source of classification or shelving scheme Dewey Decimal Classification
Koha item type Hindi Books
Classification part
Call number suffix उमाश्री
Holdings
Withdrawn status Lost status Damaged status Not for loan Collection code Home library Current library Date acquired Cost, normal purchase price Total Checkouts Full call number Barcode Date last seen Copy number Cost, replacement price Price effective from Koha item type
      Not For Loan Fiction D.B.Act.Division D.B.Act.Division 18/08/2008 180.00   उ Ãà HN-56281 15/09/2008 1 180.00 15/09/2008 Hindi Books

© Delhi Public Library
Hit Counter
free hit counter